00577 a2200193 450000100060000002000150000604000220002110000210004324000210006424500160008530000070010136200090010844000120011765000120012994200070014195201090014895201090025799900170036659547 a8508094825 cAnchieta - Pituba aLaidlaw, Jill A.10aFrida Kahlolpor10aFrida Kahlo a480 a2005 1aÁtica 4aPintura cBK 00104070a91.1b91.1d2023-11-21l0o750 L185f LAI FRIp10833/PITr2023-11-21 18:27:34w2023-11-21yBK 00104070a91.1b91.1d2023-11-21l0o750 L185f LAI FRIp10834/PITr2023-11-21 18:27:34w2023-11-21yBK c59547d59547